01563nam a2200325 a 450000100100000000500170001000800410002702000150006804000250008308200170010824501890012526001160031430000360043050400700046650400330053665000340056965000360060365000320063965000330067165100550070470000210075970000200078070000290080070000210082970000230085070000310087370000530090471001340095771001460109100001677520260417112310.0100310s2002 dr ad r 000 0 spa d a999348704X aDO-SdBNPbspacBNPHU a362.7bD536p00aDiagnóstico participativo :bperfil de los adolescentes de la ciudad de Santiago de los Caballeros 1998-2000 /cLiliam de Brens... [et al.] ; presentación Agripino Nuñez Collado. aSantiago de los Caballeros, República Dominicana :bPontificia Universidad Católica Madre y Maestra,c2002. a173 p. :bil., tablas ;c23 cm. aIncluye referencias bibliográficas y notas al pie de páginas. aBibliografía : p. 171-173. 0aPsicología del adolescente  4aTrabajo social con adolescentes 4aJóvenesxConsumode drogas 4aTrabajo social con jóvenes 0aSantiago de los Caballeros (Republica Dominicana)12aBrens, Liliam de12aBrens, Víctor12aZouain, José Joaquín12aMejía, Maritza12aTorres, Ynmaculada12aAntúnez Lojas, María T1 aNúñez Collado, Agripinod1933-2022epresent.2 aPontificia Universidad Católica Madre y Maestra (PUCMM).bCentro de Investigación y Formación para la Prevención Integral2 aFederación Internacionales de Universidades Católicas (FIUC).bPrograma Formación en Investigación para la Intervención Comunitaria